000 01095cam a2200229 4500
001 ABS66755
008 030704n2003 000 0 eng u
035 _a(Sirsi) u122943
100 _aWillcock, R.
245 _aWhen the going gets tough
260 _c2003
490 _aContract Journal
_v419(6432) 25 June 2003, 18-21(3)
520 _aReviews the findings of the "Contract Journal/Grant Thornton construction industry annual survey 2003" aimed at highlighting key issues affecting the construction industry. Retaining/motivating key staff, the present economic climate and increasing the value of the businesses were identified as the three most significant issues affecting the industry. View full details of the survey at www.grant-thornton.co.uk.
590 _aABS
650 _aECONOMY
650 _aUNCERTAINTY
650 _aCONSTRUCTION INDUSTRY
650 _aCONTRACT JOURNAL/GRANT THORNTON CONSTRUCTION INDUSTRY ANNUAL SURVEY
690 _aBUILT ENVIRONMENT
856 _uhttps://www.grant-thornton.co.uk
_zView the survey on the Grant Thorton website...
942 _n0
999 _c73001
_d73001